000 00650nam a2200205 i 4500
001 95074
003 ES-MaACL
005 20230906181629.0
007 t|
008 050523s1948 sp ||||1| spa d
100 1 _aLukach, Joan.
_974717
245 1 0 _aMusorgsky
_b: historia de un trágico amor /
_cIvan Lukach; [traducción del idioma original por Irene Tchernova].
260 _aMadrid :
_bAfrodisio Aguado,
_c1948.
300 _a297 p. ;
_c22 cm.
490 1 _aMás Allá. Biografías
700 1 _aTchernova, Irene.
_9109487
830 0 _aMás Allá. Biografías
_9232172
852 _aES-MaACL
_jD-7722
_bR.28493
999 _c95074
_d95074